Natarajans Textbook Of Orthopaedics And Traumatology With Multiple Choice Questions (Record no. 7168)

MARC details
000 -LEADER
fixed length control field 00346nam a2200121Ia 4500
008 - FIXED-LENGTH DATA ELEMENTS--GENERAL INFORMATION
fixed length control field 220613s9999||||xx |||||||||||||| ||und||
100 ## - MAIN ENTRY--PERSONAL NAME
Author Name Prof Mayilvahanan Natrarajan
245 #0 - TITLE STATEMENT
Title Natarajans Textbook Of Orthopaedics And Traumatology With Multiple Choice Questions
250 ## - EDITION STATEMENT
Edition 6th(2005)
300 ## - PHYSICAL DESCRIPTION
Page No 275
650 ## - SUBJECT ADDED ENTRY--TOPICAL TERM
Subject Orthopedics
942 ## - ADDED ENTRY ELEMENTS (KOHA)
Koha item type Surgery
Holdings
Withdrawn status Lost status Source of classification or shelving scheme Damaged status Not for loan Home library Current library Date acquired Total Checkouts Barcode Koha item type
    Dewey Decimal Classification     SRHU Library System SRHU Library System 08/07/2024   CL0010827 Orthopedics
Designed & Maintained by: SRHU Library System
Central Library, Contact: